[Event "RUS-chT Men Rapid 2019"]
[Site "Sochi"]
[Date "2019.10.19"]
[Round "6.16"]
[White "Apryshko, Gleb"]
[Black "Rozum, Ivan"]
[Result "1/2-1/2"]
[WhiteElo "2382"]
[BlackElo "2599"]
[Annotator "ChessBase"]
[PlyCount "158"]
[EventDate "2019.10.18"]
[EventType "swiss"]
[EventCountry "RUS"]
[SourceTitle "playchess.com"]
[Source "ChessBase"]
[SourceQuality "1"]
[TimeControl "900+10"]

1. e4 {[%emt 0:01:16]} c5 {[%emt 0:00:47]} 2. Nf3 {[%emt 0:00:03]} e6 {[%emt 0:00:02]} 3. Nc3 {[%emt 0:00:01]} a6 {[%emt 0:00:04]} 4. g3 {[%emt 0:00:02]} Nc6 {[%emt 0:01:00]} 5. Bg2 {[%emt 0:00:09]} Nge7 {[%emt 0:00:22]} 6. d4 {[%emt 0:01:43]} cxd4 {[%emt 0:00:03]} 7. Nxd4 {[%emt 0:00:02]} Nxd4 {[%emt 0:00:08]} 8. Qxd4 {[%emt 0:00:02]} Nc6 {[%emt 0:00:02]} 9. Qd3 {[%emt 0:00:36]} Ne5 {[%emt 0:01:54]} 10. Qe2 {[%emt 0:00:13]} Bc5 {[%emt 0:01:07]} 11. Be3 {[%emt 0:00:40]} Qb6 {[%emt 0:00:24]} 12. Na4 {[%emt 0:01:44]} Qa5+ {[%emt 0:00:17]} 13. Qd2 {[%emt 0:00:01]} Qxd2+ {[%emt 0:01:10]} 14. Bxd2 {[%emt 0:00:07]} Ba7 {[%emt 0:00:37]} 15. Ba5 {[%emt 0:06:37]} Nc4 {[%emt 0:00:45]} 16. Bb4 {[%emt 0:01:16]} b5 {[%emt 0:00:43]} 17. b3 {[%emt 0:00:33]} a5 {[%emt 0:01:08]} 18. bxc4 {[%emt 0:00:39]} axb4 {[%emt 0:00:02]} 19. cxb5 {[%emt 0:00:01]} Bb7 {[%emt 0:02:52]} 20. b6 {[%emt 0:00:30]} Bb8 {[%emt 0:01:13]} 21. Nc5 {[%emt 0:00:05]} Be5 {[%emt 0:00:20]} 22. Rb1 {[%emt 0:00:19]} Bc6 {[%emt 0:00:08]} 23. O-O {[%emt 0:01:15]} Bc3 {[%emt 0:00:51]} 24. b7 {[%emt 0:00:25]} Rb8 {[%emt 0:00:14]} 25. e5 {[%emt 0:00:01]} Bxg2 {[%emt 0:00:24]} 26. Kxg2 {[%emt 0:00:01]} Ke7 {[%emt 0:00:52]} 27. Rfd1 {[%emt 0:00:19]} Rhd8 {[%emt 0:00:02]} 28. f4 {[%emt 0:00:05]} f6 {[%emt 0:00:26]} 29. Ne4 {[%emt 0:00:02]} Rxb7 {[%emt 0:00:42]} 30. Nxc3 {[%emt 0:00:02]} Rc8 {[%emt 0:00:09]} 31. Rd3 {[%emt 0:00:57]} Rbc7 {[%emt 0:00:07]} 32. Ne2 {[%emt 0:00:17]} Rxc2 {[%emt 0:00:02]} 33. Kf3 {[%emt 0:00:01]} fxe5 {[%emt 0:00:07]} 34. fxe5 {[%emt 0:00:02]} Rf8+ {[%emt 0:00:39]} 35. Ke3 {[%emt 0:00:11]} Rf5 {[%emt 0:00:06]} 36. Nd4 {[%emt 0:00:11]} Rxe5+ {[%emt 0:00:01]} 37. Kf4 {[%emt 0:00:10]} Rcc5 {[%emt 0:00:24]} 38. Rxb4 {[%emt 0:00:03]} Re1 {[%emt 0:00:19]} 39. Nf3 {[%emt 0:00:25]} e5+ {[%emt 0:00:30]} 40. Kg4 {[%emt 0:00:02]} h5+ {[%emt 0:00:18]} 41. Kh3 {[%emt 0:00:01]} Rf1 {[%emt 0:00:08]} 42. Rb7 {[%emt 0:00:03]} Ke6 {[%emt 0:00:04]} 43. Rbxd7 {[%emt 0:00:08]} Rxf3 {[%emt 0:00:04]} 44. R7d6+ {[%emt 0:00:33]} Ke7 45. Rd7+ Ke6 {[%emt 0:00:02]} 46. Rxf3 {[%emt 0:00:02]} Kxd7 {[%emt 0:00:01]} 47. Rf7+ {[%emt 0:00:01]} Ke6 {[%emt 0:00:03]} 48. Rxg7 {[%emt 0:00:01]} e4 {[%emt 0:00:14]} 49. Rg6+ {[%emt 0:00:48]} Kf5 {[%emt 0:00:18]} 50. Rh6 {[%emt 0:00:00]} Kg5 {[%emt 0:00:09]} 51. Re6 {[%emt 0:00:04]} Kf5 {[%emt 0:00:03]} 52. Rh6 {[%emt 0:00:08]} Kg5 {[%emt 0:00:02]} 53. Re6 {[%emt 0:00:01]} Kf5 {[%emt 0:00:00]} 54. Re8 {[%emt 0:00:15]} Rc2 {[%emt 0:00:28]} 55. a4 {[%emt 0:00:01]} Ra2 {[%emt 0:00:01]} 56. Ra8 {[%emt 0:00:37]} Ke6 {[%emt 0:01:03]} 57. Re8+ {[%emt 0:00:25]} Kd5 {[%emt 0:00:03]} 58. Rd8+ {[%emt 0:00:13]} Kc4 {[%emt 0:00:04]} 59. Re8 {[%emt 0:00:03]} Kd3 {[%emt 0:00:02]} 60. a5 {[%emt 0:00:12]} Rxa5 {[%emt 0:00:06]} 61. g4 {[%emt 0:00:09]} e3 {[%emt 0:00:20]} 62. Kh4 {[%emt 0:00:09]} hxg4 {[%emt 0:00:21]} 63. Kxg4 {[%emt 0:00:01]} e2 {[%emt 0:00:03]} 64. h4 {[%emt 0:00:09]} Ra8 {[%emt 0:00:20]} 65. Re7 {[%emt 0:00:09]} Rg8+ {[%emt 0:00:12]} 66. Kf5 {[%emt 0:00:14]} Rf8+ {[%emt 0:00:10]} 67. Kg6 {[%emt 0:00:13]} Rg8+ {[%emt 0:00:08]} 68. Kf5 {[%emt 0:00:12]} Rh8 {[%emt 0:00:10]} 69. Kg5 {[%emt 0:00:02]} Rg8+ {[%emt 0:00:10]} 70. Kf5 {[%emt 0:00:01]} Rg1 {[%emt 0:00:16]} 71. h5 {[%emt 0:00:12]} e1=Q {[%emt 0:00:07]} 72. Rxe1 {[%emt 0:00:01]} Rxe1 {[%emt 0:00:01]} 73. h6 {[%emt 0:00:07]} Rh1 {[%emt 0:00:01]} 74. Kg6 {[%emt 0:00:02]} Ke4 {[%emt 0:00:01]} 75. h7 {[%emt 0:00:06]} Rg1+ {[%emt 0:00:04]} 76. Kf7 {[%emt 0:00:02]} Rh1 {[%emt 0:00:05]} 77. Kg7 {[%emt 0:00:01]} Kf5 {[%emt 0:00:01]} 78. h8=Q {[%emt 0:00:04]} Rxh8 {[%emt 0:00:02]} 79. Kxh8 {[%emt 0:00:01]} Ke5 1/2-1/2

[Event "RUS-chT Men Rapid 2019"]
[Site "Sochi"]
[Date "2019.10.19"]
[Round "6.17"]
[White "Tekeyev, Zaur"]
[Black "Timofeev, Artyom"]
[Result "1-0"]
[WhiteElo "2384"]
[BlackElo "2595"]
[Annotator "ChessBase"]
[PlyCount "309"]
[EventDate "2019.10.18"]
[EventType "swiss"]
[EventCountry "RUS"]
[SourceTitle "playchess.com"]
[Source "ChessBase"]
[SourceQuality "1"]
[TimeControl "900+10"]

1. e4 {[%emt 0:00:37]} e6 {[%emt 0:00:01]} 2. d4 {[%emt 0:00:07]} d5 {[%emt 0:00:03]} 3. Nd2 {[%emt 0:00:09]} dxe4 {[%emt 0:00:21]} 4. Nxe4 {[%emt 0:00:02]} Nd7 {[%emt 0:00:03]} 5. Nf3 {[%emt 0:00:16]} Ngf6 {[%emt 0:00:04]} 6. Bd3 {[%emt 0:01:32]} Be7 {[%emt 0:00:58]} 7. Nxf6+ {[%emt 0:00:24]} Bxf6 {[%emt 0:00:28]} 8. Qe2 {[%emt 0:00:20]} c5 {[%emt 0:00:36]} 9. d5 {[%emt 0:00:34]} e5 {[%emt 0:00:29]} 10. h4 {[%emt 0:00:45]} Qe7 {[%emt 0:01:19]} 11. c4 {[%emt 0:00:59]} Nb6 {[%emt 0:00:21]} 12. Ng5 {[%emt 0:01:32]} h6 {[%emt 0:00:20]} 13. Ne4 {[%emt 0:00:11]} Bf5 {[%emt 0:00:14]} 14. Be3 {[%emt 0:03:45]} Bxe4 {[%emt 0:01:17]} 15. Bxe4 {[%emt 0:00:01]} Rd8 {[%emt 0:00:31]} 16. g3 {[%emt 0:01:03]} Nc8 {[%emt 0:00:13]} 17. b4 {[%emt 0:00:15]} b6 {[%emt 0:02:41]} 18. bxc5 {[%emt 0:00:14]} bxc5 {[%emt 0:00:02]} 19. Rb1 {[%emt 0:01:06]} Qc7 {[%emt 0:00:23]} 20. Rb5 {[%emt 0:01:01]} Be7 {[%emt 0:00:03]} 21. Bc2 {[%emt 0:02:38]} a6 {[%emt 0:01:52]} 22. Rb2 {[%emt 0:00:02]} Nd6 {[%emt 0:00:12]} 23. O-O {[%emt 0:00:22]} O-O {[%emt 0:01:22]} 24. Rfb1 {[%emt 0:00:02]} Rc8 {[%emt 0:04:09]} 25. Rb6 {[%emt 0:00:12]} Qd7 {[%emt 0:00:28]} 26. Rxa6 {[%emt 0:00:44]} f5 {[%emt 0:00:03]} 27. Bd2 {[%emt 0:00:17]} e4 {[%emt 0:00:26]} 28. Ba4 {[%emt 0:00:05]} Qd8 {[%emt 0:00:12]} 29. Bf4 {[%emt 0:00:05]} Nf7 {[%emt 0:00:06]} 30. Rb7 {[%emt 0:00:07]} Bf6 {[%emt 0:00:08]} 31. Rd7 {[%emt 0:00:13]} Qe8 {[%emt 0:00:01]} 32. Raa7 {[%emt 0:00:12]} e3 {[%emt 0:00:17]} 33. f3 {[%emt 0:00:15]} Bd4 {[%emt 0:00:18]} 34. Rxf7 {[%emt 0:00:18]} Rxf7 {[%emt 0:00:01]} 35. Bxe8 {[%emt 0:00:04]} Rxa7 {[%emt 0:00:01]} 36. Bb5 {[%emt 0:00:13]} Rxa2 {[%emt 0:00:02]} 37. Qxa2 {[%emt 0:00:17]} e2+ {[%emt 0:00:02]} 38. Kh2 {[%emt 0:00:08]} e1=Q {[%emt 0:00:03]} 39. Bd7 {[%emt 0:00:11]} Bf2 {[%emt 0:00:22]} 40. Bxf5 {[%emt 0:00:09]} h5 {[%emt 0:00:10]} 41. Qb1 {[%emt 0:00:06]} Qxb1 {[%emt 0:00:06]} 42. Bxb1 {[%emt 0:00:01]} Re8 {[%emt 0:00:01]} 43. Be4 {[%emt 0:00:06]} Bd4 {[%emt 0:00:03]} 44. d6 {[%emt 0:00:17]} Bf6 {[%emt 0:00:02]} 45. d7 {[%emt 0:00:12]} Rf8 {[%emt 0:00:12]} 46. Bd5+ {[%emt 0:00:08]} Kh7 {[%emt 0:00:02]} 47. Bd6 {[%emt 0:00:08]} Rd8 {[%emt 0:00:06]} 48. Be6 {[%emt 0:00:05]} Ra8 {[%emt 0:00:01]} 49. Bxc5 {[%emt 0:00:10]} Bd8 {[%emt 0:00:03]} 50. Bd6 {[%emt 0:00:11]} Ra2+ {[%emt 0:00:05]} 51. Kh3 {[%emt 0:00:03]} Re2 {[%emt 0:00:02]} 52. Bf5+ {[%emt 0:00:08]} g6 {[%emt 0:00:01]} 53. Be4 {[%emt 0:00:02]} Re1 {[%emt 0:00:26]} 54. c5 {[%emt 0:00:17]} Rc1 {[%emt 0:00:02]} 55. c6 {[%emt 0:00:16]} Kg7 {[%emt 0:00:01]} 56. Ba3 {[%emt 0:00:23]} Rc4 {[%emt 0:00:06]} 57. Bb2+ {[%emt 0:00:17]} Kh7 {[%emt 0:00:10]} 58. Be5 {[%emt 0:00:08]} Rc5 {[%emt 0:00:04]} 59. Bd6 {[%emt 0:00:05]} Rc1 {[%emt 0:00:02]} 60. Kg2 {[%emt 0:00:09]} Kg7 {[%emt 0:00:02]} 61. Kf2 {[%emt 0:00:10]} Kf6 {[%emt 0:00:02]} 62. Bf4 {[%emt 0:00:05]} Rc5 {[%emt 0:00:08]} 63. Ke3 {[%emt 0:00:09]} Ke6 {[%emt 0:00:27]} 64. Kd4 {[%emt 0:00:20]} Bb6 {[%emt 0:00:08]} 65. Kd3 {[%emt 0:00:08]} Bd8 {[%emt 0:00:10]} 66. Be3 {[%emt 0:00:12]} Ra5 {[%emt 0:00:15]} 67. Kc4 {[%emt 0:00:10]} Ra4+ {[%emt 0:00:47]} 68. Kb5 {[%emt 0:00:06]} Ra5+ {[%emt 0:00:02]} 69. Kb4 {[%emt 0:00:01]} Ra2 {[%emt 0:00:29]} 70. Bf4 {[%emt 0:00:13]} Rb2+ {[%emt 0:00:46]} 71. Kc4 {[%emt 0:00:02]} Ra2 {[%emt 0:00:45]} 72. Bd5+ {[%emt 0:00:11]} Kf5 {[%emt 0:00:08]} 73. Be4+ {[%emt 0:00:19]} Ke6 {[%emt 0:00:01]} 74. c7 {[%emt 0:00:15]} Bxc7 {[%emt 0:00:02]} 75. Bxc7 {[%emt 0:00:01]} Kxd7 {[%emt 0:00:01]} 76. Bf4 {[%emt 0:00:13]} Ra6 {[%emt 0:00:03]} 77. Bg5 {[%emt 0:00:11]} Ke8 {[%emt 0:00:07]} 78. Bd5 {[%emt 0:00:12]} Kf8 {[%emt 0:00:04]} 79. Bh6+ {[%emt 0:00:04]} Ke7 {[%emt 0:00:02]} 80. Kd4 {[%emt 0:00:05]} Kf6 {[%emt 0:00:03]} 81. Bg5+ {[%emt 0:00:01]} Kg7 {[%emt 0:00:01]} 82. Be4 {[%emt 0:00:07]} Ra5 {[%emt 0:00:08]} 83. Ke3 {[%emt 0:00:13]} Rb5 {[%emt 0:00:03]} 84. Kf4 {[%emt 0:00:04]} Ra5 {[%emt 0:00:01]} 85. Bd8 {[%emt 0:00:03]} Rb5 {[%emt 0:00:02]} 86. Be7 {[%emt 0:00:47]} Kf7 {[%emt 0:00:11]} 87. Bd6 {[%emt 0:00:05]} Kg7 {[%emt 0:00:08]} 88. Bd3 {[%emt 0:00:12]} Ra5 {[%emt 0:00:08]} 89. Be5+ {[%emt 0:00:18]} Kh6 {[%emt 0:00:02]} 90. Ke4 {[%emt 0:00:08]} Rc5 {[%emt 0:00:17]} 91. Bd4 {[%emt 0:00:12]} Ra5 {[%emt 0:00:03]} 92. Bc4 {[%emt 0:00:02]} Ra8 {[%emt 0:00:27]} 93. Be6 {[%emt 0:00:07]} Rf8 {[%emt 0:00:14]} 94. f4 {[%emt 0:00:23]} Ra8 {[%emt 0:00:09]} 95. f5 {[%emt 0:00:09]} gxf5+ {[%emt 0:00:09]} 96. Bxf5 {[%emt 0:00:04]} Ra3 {[%emt 0:00:20]} 97. Be3+ {[%emt 0:00:05]} Kg7 {[%emt 0:00:03]} 98. Kf4 {[%emt 0:00:03]} Kh6 {[%emt 0:00:17]} 99. Be4 {[%emt 0:00:11]} Ra5 {[%emt 0:00:09]} 100. Bd2 {[%emt 0:00:07]} Rb5 {[%emt 0:00:16]} 101. Bf5 {[%emt 0:00:13]} Rb2 {[%emt 0:00:20]} 102. Be3 {[%emt 0:00:07]} Rb3 {[%emt 0:00:07]} 103. Ke4+ {[%emt 0:00:06]} Kg7 {[%emt 0:00:03]} 104. Bd7 {[%emt 0:00:12]} Kf7 {[%emt 0:00:26]} 105. Bf4 {[%emt 0:00:14]} Rb7 {[%emt 0:00:21]} 106. Bc6 {[%emt 0:00:14]} Rb6 {[%emt 0:00:02]} 107. Bd5+ {[%emt 0:00:16]} Kf6 {[%emt 0:00:10]} 108. Bg5+ {[%emt 0:00:06]} Kg6 {[%emt 0:00:03]} 109. Ke5 {[%emt 0:00:06]} Rb5 {[%emt 0:00:06]} 110. Bd2 {[%emt 0:00:06]} Rb2 {[%emt 0:00:43]} 111. Be4+ {[%emt 0:00:13]} Kg7 {[%emt 0:00:06]} 112. Bf4 {[%emt 0:00:17]} Rb5+ {[%emt 0:00:04]} 113. Ke6 {[%emt 0:00:05]} Rb6+ {[%emt 0:00:03]} 114. Ke7 {[%emt 0:00:12]} Rb5 {[%emt 0:00:12]} 115. Bc6 {[%emt 0:00:09]} Ra5 {[%emt 0:00:06]} 116. Be8 {[%emt 0:00:12]} Ra7+ {[%emt 0:00:47]} 117. Ke6 {[%emt 0:00:06]} Ra6+ {[%emt 0:00:02]} 118. Kf5 {[%emt 0:00:17]} Ra5+ {[%emt 0:00:02]} 119. Be5+ {[%emt 0:00:14]} Kh6 {[%emt 0:00:03]} 120. Bf7 {[%emt 0:00:10]} Rb5 {[%emt 0:00:20]} 121. Kf6 {[%emt 0:00:06]} Rb6+ {[%emt 0:00:10]} 122. Be6 {[%emt 0:00:10]} Ra6 {[%emt 0:00:21]} 123. Bd4 {[%emt 0:00:02]} Kh7 {[%emt 0:00:18]} 124. Kf7 {[%emt 0:00:14]} Ra5 {[%emt 0:00:08]} 125. Bb6 {[%emt 0:00:15]} Rb5 {[%emt 0:00:05]} 126. Be3 {[%emt 0:00:12]} Ra5 {[%emt 0:00:10]} 127. Bd4 {[%emt 0:00:10]} Kh6 {[%emt 0:00:16]} 128. Bb3 {[%emt 0:00:16]} Rf5+ {[%emt 0:00:14]} 129. Bf6 {[%emt 0:00:04]} Rf3 {[%emt 0:00:05]} 130. Bd1 {[%emt 0:00:15]} Rf1 {[%emt 0:00:07]} 131. Be2 {[%emt 0:00:08]} Rf2 {[%emt 0:00:03]} 132. Bb5 {[%emt 0:00:07]} Rf3 {[%emt 0:00:08]} 133. Bd7 {[%emt 0:00:15]} Rxg3 {[%emt 0:00:25]} 134. Bf5 {[%emt 0:00:00]} Rg2 {[%emt 0:00:32]} 135. Bd4 {[%emt 0:00:00]} Rg5 {[%emt 0:00:05]} 136. hxg5+ {[%emt 0:00:00]} Kxg5 {[%emt 0:00:02]} 137. Ke6 {[%emt 0:00:01]} Kf4 {[%emt 0:00:03]} 138. Bf2 {[%emt 0:00:16]} h4 {[%emt 0:00:06]} 139. Bxh4 {[%emt 0:00:05]} Ke3 {[%emt 0:00:04]} 140. Ke5 {[%emt 0:00:04]} Kf3 {[%emt 0:00:03]} 141. Bg5 {[%emt 0:00:05]} Ke2 {[%emt 0:00:03]} 142. Kd4 {[%emt 0:00:11]} Kf3 {[%emt 0:00:04]} 143. Kd3 {[%emt 0:00:02]} Kf2 {[%emt 0:00:03]} 144. Bf4 {[%emt 0:00:12]} Kf3 {[%emt 0:00:03]} 145. Be3 {[%emt 0:00:07]} Kg3 {[%emt 0:00:04]} 146. Ke4 {[%emt 0:00:09]} Kh4 {[%emt 0:00:03]} 147. Kf4 {[%emt 0:00:10]} Kh5 {[%emt 0:00:03]} 148. Bd4 {[%emt 0:00:05]} Kh4 {[%emt 0:00:05]} 149. Bf6+ {[%emt 0:00:17]} Kh5 {[%emt 0:00:03]} 150. Ke5 {[%emt 0:00:09]} Kh6 {[%emt 0:00:03]} 151. Ke6 {[%emt 0:00:04]} Kh5 {[%emt 0:00:02]} 152. Kf7 {[%emt 0:00:03]} Kh6 {[%emt 0:00:03]} 153. Bg4 {[%emt 0:00:03]} Kh7 {[%emt 0:00:03]} 154. Bg5 {[%emt 0:00:05]} Kh8 {[%emt 0:00:03]} 155. Kf8 {[%emt 0:00:09]} 1-0

[Event "RUS-chT Men Rapid 2019"]
[Site "Sochi"]
[Date "2019.10.19"]
[Round "6.18"]
[White "Iljin, Artem"]
[Black "Kozak, Alexander"]
[Result "1-0"]
[WhiteElo "2509"]
[BlackElo "2230"]
[Annotator "ChessBase"]
[PlyCount "47"]
[EventDate "2019.10.18"]
[EventType "swiss"]
[EventCountry "RUS"]
[SourceTitle "playchess.com"]
[Source "ChessBase"]
[SourceQuality "1"]
[TimeControl "900+10"]

1. Nf3 {[%emt 0:00:00]} g6 {[%emt 0:00:00]} 2. d4 {[%emt 0:00:04]} Bg7 {[%emt 0:00:00]} 3. c4 {[%emt 0:00:33]} d6 {[%emt 0:00:00]} 4. Nc3 {[%emt 0:00:05]} e5 {[%emt 0:00:01]} 5. e4 {[%emt 0:00:42]} Nc6 {[%emt 0:00:18]} 6. Bg5 {[%emt 0:01:08]} f6 {[%emt 0:02:30]} 7. Be3 {[%emt 0:00:16]} Nh6 {[%emt 0:00:49]} 8. dxe5 {[%emt 0:02:30]} dxe5 {[%emt 0:01:54]} 9. Qxd8+ {[%emt 0:01:18]} Nxd8 {[%emt 0:00:02]} 10. Nd5 {[%emt 0:00:26]} Ne6 {[%emt 0:00:35]} 11. Bxh6 {[%emt 0:01:14]} Bxh6 {[%emt 0:00:07]} 12. Nxf6+ {[%emt 0:00:01]} Ke7 {[%emt 0:01:19]} 13. Ng4 {[%emt 0:02:35]} Bg7 {[%emt 0:00:48]} 14. Ngxe5 {[%emt 0:00:11]} Nc5 {[%emt 0:01:02]} 15. O-O-O {[%emt 0:00:08]} Nxe4 {[%emt 0:00:51]} 16. Re1 {[%emt 0:00:46]} Bh6+ {[%emt 0:03:22]} 17. Kc2 {[%emt 0:00:26]} Kf6 {[%emt 0:01:15]} 18. Rxe4 {[%emt 0:01:07]} Bf5 {[%emt 0:00:01]} 19. Bd3 {[%emt 0:00:10]} Rad8 {[%emt 0:00:02]} 20. Rh4 {[%emt 0:01:23]} Bg5 {[%emt 0:02:20]} 21. Nxg5 {[%emt 0:00:10]} Kxg5 {[%emt 0:00:24]} 22. Nf3+ {[%emt 0:00:04]} Kf6 {[%emt 0:00:01]} 23. Bxf5 {[%emt 0:00:02]} Kxf5 {[%emt 0:00:02]} 24. Re1 {[%emt 0:00:07]} 1-0

[Event "RUS-chT Men Rapid 2019"]
[Site "Sochi"]
[Date "2019.10.19"]
[Round "6.19"]
[White "Nechaev, Oleg"]
[Black "Faizrakhmanov, Ramil"]
[Result "0-1"]
[WhiteElo "2371"]
[BlackElo "2434"]
[Annotator "NA RC"]
[PlyCount "106"]
[EventDate "2019.10.18"]
[EventType "swiss"]
[EventCountry "RUS"]
[SourceTitle "playchess.com"]
[Source "ChessBase"]
[SourceQuality "1"]
[TimeControl "900+10"]

1. c4 {[%emt 0:00:00]} Nf6 {[%emt 0:00:00]} 2. g3 {[%emt 0:00:04]} e6 {[%emt 0:00:25]} 3. Bg2 {[%emt 0:00:13]} d5 {[%emt 0:00:03]} 4. Nf3 {[%emt 0:00:17]} dxc4 {[%emt 0:00:13]} 5. Na3 {[%emt 0:02:23]} Bxa3 {[%emt 0:01:30]} 6. bxa3 {[%emt 0:00:03]} O-O {[%emt 0:00:21]} 7. Qc2 {[%emt 0:00:25]} a6 {[%emt 0:03:16]} 8. Qxc4 {[%emt 0:00:41]} b5 {[%emt 0:00:39]} 9. Qc2 {[%emt 0:05:28]} Bb7 {[%emt 0:00:03]} 10. Bb2 {[%emt 0:00:01]} Nbd7 {[%emt 0:00:18]} 11. O-O {[%emt 0:01:24]} c5 {[%emt 0:01:07]} 12. d3 {[%emt 0:03:16]} Rc8 {[%emt 0:00:22]} 13. Rad1 {[%emt 0:00:09]} h6 {[%emt 0:01:12]} 14. Rfe1 {[%emt 0:00:10]} Qe7 {[%emt 0:01:46]} 15. Qc3 {[%emt 0:00:01]} Nb6 {[%emt 0:00:45]} 16. Qa5 {[%emt 0:00:13]} Na4 {[%emt 0:00:03]} 17. Ba1 {[%emt 0:00:21]} Rfd8 {[%emt 0:00:51]} 18. e4 {[%emt 0:00:37]} Qc7 {[%emt 0:00:47]} 19. Qxc7 {[%emt 0:00:49]} Rxc7 {[%emt 0:00:02]} 20. Ne5 {[%emt 0:00:12]} Nd7 {[%emt 0:00:10]} 21. Bf1 {[%emt 0:00:13]} Nxe5 {[%emt 0:00:58]} 22. Bxe5 {[%emt 0:00:02]} Rcd7 {[%emt 0:00:07]} 23. Rc1 {[%emt 0:00:09]} f6 {[%emt 0:00:25]} 24. Ba1 {[%emt 0:00:17]} Kf7 {[%emt 0:00:07]} 25. Rc2 {[%emt 0:00:03]} Rxd3 {[%emt 0:01:02]} 26. Bxd3 {[%emt 0:00:03]} Rxd3 {[%emt 0:00:02]} 27. Bb2 {[%emt 0:00:19]} c4 {[%emt 0:00:24]} 28. Bc1 {[%emt 0:00:21]} Nc3 {[%emt 0:00:15]} 29. Rd2 {[%emt 0:00:12]} Bxe4 {[%emt 0:00:18]} 30. Rxd3 {[%emt 0:00:06]} Bxd3 {[%emt 0:00:12]} 31. Bd2 {[%emt 0:00:18]} Ne2+ {[%emt 0:00:30]} 32. Kg2 {[%emt 0:00:03]} Nd4 {[%emt 0:00:30]} 33. Bb4 {[%emt 0:00:36]} e5 {[%emt 0:00:11]} 34. f3 {[%emt 0:00:03]} h5 {[%emt 0:00:37]} 35. Kf2 {[%emt 0:00:02]} Ke6 {[%emt 0:00:04]} 36. h3 {[%emt 0:00:14]} Kd5 {[%emt 0:00:33]} 37. Bf8 {[%emt 0:00:02]} Ne6 {[%emt 0:00:15]} 38. Bb4 {[%emt 0:00:02]} Ng5 {[%emt 0:00:15]} 39. h4 {[%emt 0:00:12]} Ne6 {[%emt 0:00:01]} 40. Ke3 {[%emt 0:00:03]} Nd4 {[%emt 0:00:03]} 41. Kf2 {[%emt 0:00:02]} Nc2 {[%emt 0:00:21]} 42. Rg1 {[%emt 0:00:10]} Nxb4 {[%emt 0:00:10]} 43. axb4 {[%emt 0:00:01]} Kd4 {[%emt 0:00:01]} 44. g4 {[%emt 0:00:10]} c3 {[%emt 0:00:32]} 45. gxh5 {[%emt 0:00:20]} c2 {[%emt 0:00:01]} 46. Rc1 {[%emt 0:00:44]} f5 {[%emt 0:00:04]} 47. Rg1 {[%emt 0:00:14]} e4 {[%emt 0:00:16]} 48. f4 {[%emt 0:00:21]} Kc3 {[%emt 0:00:33]} 49. Ke3 {[%emt 0:00:03]} Kb2 {[%emt 0:00:02]} 50. Kd2 {[%emt 0:00:03]} Bc4 {[%emt 0:00:03]} 51. Re1 {[%emt 0:00:40]} Bf7 {[%emt 0:00:15]} 52. a3 {[%emt 0:00:19]} Bxh5 {[%emt 0:00:03]} 53. Rg1 {[%emt 0:00:02]} Bd1 {[%emt 0:00:11]} 0-1

[Event "RUS-chT Men Rapid 2019"]
[Site "Sochi"]
[Date "2019.10.19"]
[Round "6.20"]
[White "Samusenko, Maksim"]
[Black "Nuristani, Iman"]
[Result "1-0"]
[WhiteElo "2445"]
[BlackElo "2171"]
[Annotator "NA"]
[PlyCount "79"]
[EventDate "2019.10.18"]
[EventType "swiss"]
[EventCountry "RUS"]
[SourceTitle "playchess.com"]
[Source "ChessBase"]
[SourceQuality "1"]
[TimeControl "900+10"]

1. d4 {[%emt 0:00:00]} Nf6 {[%emt 0:01:09]} 2. Nc3 {[%emt 0:00:00]} d5 {[%emt 0:01:39]} 3. Bf4 {[%emt 0:00:11]} e6 {[%emt 0:01:30]} 4. e3 {[%emt 0:00:02]} Bd6 {[%emt 0:00:03]} 5. Nf3 {[%emt 0:00:24]} Bxf4 {[%emt 0:02:31]} 6. exf4 {[%emt 0:00:01]} a6 {[%emt 0:00:22]} 7. Bd3 {[%emt 0:00:36]} Qd6 {[%emt 0:00:10]} 8. Qd2 {[%emt 0:00:36]} Nbd7 {[%emt 0:00:11]} 9. O-O {[%emt 0:00:59]} O-O {[%emt 0:00:11]} 10. Rfe1 {[%emt 0:03:10]} c5 {[%emt 0:00:16]} 11. dxc5 {[%emt 0:01:08]} Nxc5 {[%emt 0:00:09]} 12. Rad1 {[%emt 0:00:17]} Nxd3 {[%emt 0:00:03]} 13. cxd3 {[%emt 0:00:08]} b6 {[%emt 0:00:39]} 14. Ne2 {[%emt 0:00:11]} Bb7 {[%emt 0:00:02]} 15. Ned4 {[%emt 0:00:08]} Nd7 {[%emt 0:00:54]} 16. Ne5 {[%emt 0:01:04]} Rfe8 {[%emt 0:00:34]} 17. Rc1 {[%emt 0:02:38]} Rac8 {[%emt 0:00:09]} 18. h4 {[%emt 0:02:41]} Rxc1 {[%emt 0:00:43]} 19. Qxc1 {[%emt 0:00:05]} Nf8 {[%emt 0:02:00]} 20. Qd2 {[%emt 0:00:38]} f6 {[%emt 0:01:09]} 21. Nef3 {[%emt 0:00:11]} Bc8 {[%emt 0:00:35]} 22. Nc2 {[%emt 0:00:27]} Bd7 {[%emt 0:00:17]} 23. d4 {[%emt 0:00:15]} Rc8 {[%emt 0:00:54]} 24. g3 {[%emt 0:00:20]} Be8 {[%emt 0:00:00]} 25. Ne3 {[%emt 0:00:07]} Bh5 {[%emt 0:00:01]} 26. Kg2 {[%emt 0:00:24]} Bxf3+ {[%emt 0:00:02]} 27. Kxf3 {[%emt 0:00:01]} Ng6 {[%emt 0:00:58]} 28. h5 {[%emt 0:00:41]} Ne7 {[%emt 0:00:01]} 29. h6 {[%emt 0:00:08]} g6 {[%emt 0:00:14]} 30. Kg2 {[%emt 0:00:01]} Nf5 {[%emt 0:00:10]} 31. Nxf5 {[%emt 0:00:06]} exf5 {[%emt 0:00:53]} 32. Qe2 {[%emt 0:00:05]} Kf7 {[%emt 0:01:04]} 33. Qxa6 {[%emt 0:00:04]} Qc7 {[%emt 0:00:04]} 34. Re3 {[%emt 0:01:06]} Rb8 {[%emt 0:00:38]} 35. Qb5 {[%emt 0:00:21]} Qd6 {[%emt 0:00:06]} 36. Ra3 {[%emt 0:00:15]} Rb7 {[%emt 0:00:11]} 37. Ra8 {[%emt 0:00:13]} Qe6 {[%emt 0:00:12]} 38. Rh8 {[%emt 0:00:17]} Qe4+ {[%emt 0:00:01]} 39. Kh2 {[%emt 0:00:01]} Ke6 {[%emt 0:00:26]} 40. Qc6+ {[%emt 0:00:03]} 1-0